[Event "XXIII Festival Conca della Presolana A"]
[Site "Bratto - Castione della Presolana ITA"]
[Date "2003.08.23"]
[Round "3"]
[White "Piantoni, Roberto"]
[Black "Bertagnolli, Gerhard"]
[Result "1-0"]
[WhiteElo "2157"]
[BlackElo "1870"]
[PlyCount "82"]
[EventDate "2003.08.21"]

1.d4 d5 2.Nf3 c6 3.c4 Nf6 4.cxd5 cxd5 5.Nc3 g6 6.Bf4 Bg7 7.Bxb8 Rxb8 8.
Qa4+ Bd7 9.Qxa7 O-O 10.e3 Ne4 11.Qa3 b5 12.Qb3 b4 13.Nxe4 dxe4 14.Nd2 Qa5 
15.Qd1 Rfc8 16.Bc4 Qg5 17.g3 Rxc4 18.Nxc4 Bg4 19.h4 Qf5 20.Qc2 Rc8 21.f4 
Bf3 22.Rh2 Qg4 23.b3 Qxg3+ 24.Qf2 Qg4 25.Rc1 h5 26.Kd2 Qf5 27.Rc2 Bf6 28.
Kc1 Bg4 29.Qe1 Qb5 30.Nb2 Rxc2+ 31.Kxc2 Bf5 32.Kb1 Kg7 33.Nc4 e6 34.Rc2 
Qb8 35.Ne5 Qd8 36.Qxb4 Bxe5 37.dxe5 Qd1+ 38.Kb2 Qd3 39.Qd2 Kh6 40.a4 f6 
41.exf6 Qxb3+ 1-0

[Event "XXIII Festival Conca della Presolana A"]
[Site "Bratto - Castione della Presolana ITA"]
[Date "2003.08.23"]
[Round "3"]
[White "Qendro, Llambi"]
[Black "Cebalo, Miso"]
[Result "1/2-1/2"]
[WhiteElo "2370"]
[BlackElo "2510"]
[PlyCount "81"]
[EventDate "2003.08.21"]

1.d4 Nf6 2.c4 g6 3.Nc3 Bg7 4.e4 d6 5.f3 O-O 6.Bg5 c5 7.d5 e6 8.Qd2 exd5 9.
cxd5 a6 10.a4 Re8 11.Nge2 Nbd7 12.Ng3 Qa5 13.Ra3 h5 14.Be2 Nh7 15.Bf4 Ne5 
16.O-O h4 17.Nh1 Bd7 18.Nf2 Qb4 19.Qc2 c4 20.Na2 Qa5 21.Bd2 Qc5 22.Bb4 Qa7
23.Bxd6 f5 24.Kh1 fxe4 25.Nxe4 Bf5 26.Qd2 Bxe4 27.fxe4 Nf6 28.Nc3 Nfd7 29.
Bxe5 Nxe5 30.d6 Qc5 31.Nd5 Rad8 32.Ne7+ Rxe7 33.dxe7 Qxe7 34.Qe3 Qb4 35.
Qg5 Qd2 36.Qxh4 Rf8 37.Rh3 Rxf1+ 38.Bxf1 b5 39.axb5 axb5 40.Kg1 Qd4+ 41.
Kh1 1/2-1/2

[Event "XXIII Festival Conca della Presolana A"]
[Site "Bratto - Castione della Presolana ITA"]
[Date "2003.08.23"]
[Round "3"]
[White "Radice, Luca"]
[Black "Lapiccirella, Mattia"]
[Result "0-1"]
[WhiteElo "2092"]
[BlackElo "2187"]
[PlyCount "72"]
[EventDate "2003.08.21"]

1.d4 Nf6 2.c4 c5 3.e3 g6 4.Nf3 Bg7 5.Nc3 O-O 6.Bd3 cxd4 7.exd4 d5 8.c5 Nc6
9.h3 b6 10.cxb6 Qxb6 11.Na4 Qb4+ 12.Bd2 Qd6 13.O-O Ne4 14.Be3 f5 15.Bb5 f4
16.Bc1 Bd7 17.Bxc6 Bxc6 18.b3 Bxa4 19.bxa4 Rfc8 20.Bb2 Rab8 21.Rc1 Qb4 22.
Rxc8+ Rxc8 23.Bc1 g5 24.Nxg5 Rxc1 25.Qxc1 Nxg5 26.Qc8+ Kf7 27.Qf5+ Bf6 28.
h4 e6 29.Qxf4 Ne4 30.Qh6 Bxd4 31.Qxh7+ Kf6 32.Qh6+ Ke7 33.Rc1 Bxf2+ 34.Kh1
Bc5 35.Qh7+ Kd6 36.Qh6 Nf2+ 0-1

[Event "XXIII Festival Conca della Presolana A"]
[Site "Bratto - Castione della Presolana ITA"]
[Date "2003.08.23"]
[Round "3"]
[White "Ranieri, Fabrizio"]
[Black "Contin, Daniel"]
[Result "1/2-1/2"]
[WhiteElo "2170"]
[BlackElo "2356"]
[PlyCount "133"]
[EventDate "2003.08.21"]

1.e4 c6 2.d4 d5 3.exd5 cxd5 4.c4 Nf6 5.Nc3 g6 6.cxd5 Bg7 7.Nf3 O-O 8.Qb3 
Nbd7 9.Bd3 Nb6 10.O-O Nbxd5 11.h3 b6 12.Ne5 Bb7 13.Bc4 e6 14.Bg5 Nxc3 15.
bxc3 Qc7 16.Bf4 Rac8 17.Bxe6 fxe6 18.Qxe6+ Rf7 19.Nxf7 Qxf7 20.Qxf7+ Kxf7 
21.a4 Ne4 22.Rfe1 Rxc3 23.Be5 Bf8 24.a5 b5 25.a6 Bd5 26.Bb8 b4 27.Ra5 Ba8 
28.Bxa7 Rc2 29.d5 Nc3 30.Bc5 Bxc5 31.Rxc5 Ne2+ 32.Rxe2 Rxc5 33.d6 b3 34.d7
Rd5 35.Rb2 Ke7 36.Rxb3 Kxd7 37.Rb8 Bc6 38.Rh8 h5 39.Rg8 Rg5 40.g3 Ra5 41.
Rg7+ Kc8 42.f4 Be4 43.a7 Ra2 44.Re7 Bb7 45.Re6 Rg2+ 46.Kf1 Rxg3 47.Re8+ 
Kd7 48.Rb8 Bc6 49.a8=Q Bxa8 50.Rxa8 Ke6 51.Ra5 Kf6 52.Kf2 h4 53.Ra8 Kf5 
54.Rf8+ Ke6 55.Rh8 Rxh3 56.Kg2 Rg3+ 57.Kf2 Rg4 58.Kf3 Rg3+ 59.Kf2 Kf5 60.
Rxh4 Ra3 61.Kg2 Rb3 62.Kf2 Ke4 63.Rg4 Rb6 64.Kg3 Ra6 65.Rg5 Ra1 66.Re5+ 
Kd4 67.Kf2 1/2-1/2

[Event "XXIII Festival Conca della Presolana A"]
[Site "Bratto - Castione della Presolana ITA"]
[Date "2003.08.23"]
[Round "3"]
[White "Ricci, Alfredo"]
[Black "Astengo, Corrado"]
[Result "1-0"]
[WhiteElo "2037"]
[BlackElo "2170"]
[PlyCount "61"]
[EventDate "2003.08.21"]

1.e4 c5 2.Nf3 d6 3.d4 cxd4 4.Nxd4 Nf6 5.Nc3 a6 6.Bc4 e6 7.Bb3 Nbd7 8.O-O 
Nc5 9.f4 Nxb3 10.axb3 Be7 11.e5 dxe5 12.fxe5 Nd7 13.Nf3 O-O 14.Qe1 b6 15.
Qg3 Kh8 16.Ng5 Bxg5 17.Bxg5 f6 18.exf6 gxf6 19.Bh4 Bb7 20.Qd6 Qe8 21.Rae1 
Qg6 22.g3 Rad8 23.Qxe6 Qxc2 24.Re2 Qd3 25.Rd1 Qf3 26.Rxd7 Qh1+ 27.Kf2 
Qxh2+ 28.Ke1 Qg1+ 29.Kd2 Rxd7+ 30.Qxd7 Bf3 31.Bxf6+ 1-0

[Event "XXIII Festival Conca della Presolana A"]
[Site "Bratto - Castione della Presolana ITA"]
[Date "2003.08.23"]
[Round "3"]
[White "Salami, Marco"]
[Black "Bellia, Fabrizio"]
[Result "0-1"]
[WhiteElo "2177"]
[BlackElo "2397"]
[PlyCount "90"]
[EventDate "2003.08.21"]

1.e4 d5 2.exd5 Qxd5 3.Nc3 Qa5 4.d4 Nf6 5.Nf3 c6 6.Bc4 Bf5 7.Ne5 e6 8.g4 
Bg6 9.O-O Nbd7 10.Qe2 Nxe5 11.dxe5 Nd7 12.f4 Bxc2 13.Kh1 Nb6 14.Bxe6 fxe6 
15.Qxc2 O-O-O 16.Qb3 Nd5 17.Bd2 Be7 18.Nxd5 Qxd5+ 19.Qxd5 Rxd5 20.Bc3 h5 
21.gxh5 Rxh5 22.Rg1 Bf8 23.Rg6 Kd7 24.Rf1 b5 25.a3 c5 26.Rg5 Rxg5 27.fxg5 
Ke8 28.Rf4 Be7 29.h4 g6 30.Kg2 Bd8 31.Kf3 a5 32.Re4 Bc7 33.Kf4 b4 34.axb4 
axb4 35.Be1 Rd1 36.Kg4 Kf7 37.Bf2 Rc1 38.Re2 b3 39.Kf3 Rc2 40.Bg3 c4 41.
Re4 Ba5 42.Bf4 c3 43.bxc3 b2 44.Re1 Rxc3+ 45.Kg4 Rg3+ 0-1

[Event "XXIII Festival Conca della Presolana A"]
[Site "Bratto - Castione della Presolana ITA"]
[Date "2003.08.23"]
[Round "3"]
[White "Sbarra, Marco"]
[Black "Belotti, Bruno"]
[Result "0-1"]
[WhiteElo "2207"]
[BlackElo "2435"]
[PlyCount "72"]
[EventDate "2003.08.21"]

1.e4 g6 2.d4 Bg7 3.Nf3 d6 4.c4 Nf6 5.Nc3 O-O 6.Be2 e5 7.d5 Na6 8.Bg5 h6 9.
Bh4 g5 10.Bg3 Nxe4 11.Nxe4 f5 12.Nfd2 fxe4 13.Nxe4 Bf5 14.Bd3 Qe8 15.Qe2 
Qg6 16.h4 c6 17.hxg5 cxd5 18.gxh6 Bxh6 19.cxd5 Nb4 20.Bb1 Rac8 21.O-O Nxd5
22.Nxd6 Bxb1 23.Qxe5 Rc5 24.Qd4 Be3 25.fxe3 Rxf1+ 26.Kxf1 Qxg3 27.Qxc5 
Nxe3+ 28.Ke2 Qxg2+ 29.Ke1 Qg1+ 30.Ke2 Qg2+ 31.Ke1 Qg1+ 32.Ke2 Qg2+ 33.Ke1 
Qg1+ 34.Ke2 Qf1+ 35.Kd2 Qd1+ 36.Kc3 Nd5+ 0-1

[Event "XXIII Festival Conca della Presolana A"]
[Site "Bratto - Castione della Presolana ITA"]
[Date "2003.08.23"]
[Round "3"]
[White "Scotti, Umberto"]
[Black "Zacco, Remo"]
[Result "1-0"]
[WhiteElo "2135"]
[BlackElo "2077"]
[PlyCount "120"]
[EventDate "2003.08.21"]

1.d4 Nf6 2.Nf3 e6 3.Bf4 b6 4.e3 Bb7 5.Bd3 Be7 6.Nbd2 Nh5 7.Bg3 d6 8.Qe2 a6
9.c3 Nd7 10.O-O-O b5 11.Kb1 c5 12.Ne4 c4 13.Bc2 Qb6 14.Bh4 Nhf6 15.Nxf6+ 
Bxf6 16.Bxf6 Nxf6 17.e4 Nd7 18.e5 d5 19.Kc1 Qa5 20.a3 Qb6 21.Kd2 a5 22.Ng5
Nf8 23.Qh5 g6 24.Qh6 Qd8 25.f4 f6 26.Nf3 Qe7 27.exf6 Qxf6 28.Ne5 O-O-O 29.
Rhf1 Rg8 30.Rde1 Nd7 31.Qh3 Rde8 32.Nxd7 Kxd7 33.Qxh7+ Rg7 34.Qh3 Bc8 35.
Re5 Kd6 36.g3 Ree7 37.Rfe1 Rh7 38.Qg2 Rh8 39.h4 Rhe8 40.Rg5 Rg7 41.Ree5 
Bb7 42.Qh3 Bc8 43.Qg4 Bd7 44.Rxg6 Rxg6 45.Qxg6 Qh8 46.Rh5 Qf8 47.Qg5 Re7 
48.Qe5+ Kc6 49.Rh8 Qf7 50.Ra8 Be8 51.Ra6+ Kb7 52.Qd6 Rc7 53.Qb6+ Kc8 54.
Qxe6+ Qxe6 55.Rxe6 Bh5 56.Re5 Bf3 57.Ke3 Bg4 58.Rxd5 Rb7 59.h5 Be6 60.Re5 
Bd7 1-0

[Event "XXIII Festival Conca della Presolana A"]
[Site "Bratto - Castione della Presolana ITA"]
[Date "2003.08.23"]
[Round "3"]
[White "Sedina, Elena"]
[Black "Sax, Gyula"]
[Result "0-1"]
[WhiteElo "2390"]
[BlackElo "2521"]
[PlyCount "88"]
[EventDate "2003.08.21"]

1.e4 c5 2.Nf3 e6 3.c3 Nf6 4.e5 Nd5 5.Bc4 Nb6 6.Bb3 d6 7.d4 cxd4 8.cxd4 
dxe5 9.Nxe5 Nc6 10.Nf3 Bb4+ 11.Nc3 Na5 12.Bc2 Nd5 13.O-O Bxc3 14.bxc3 Qc7 
15.Re1 Nxc3 16.Qd2 Nd5 17.Ba4+ Nc6 18.Ne5 O-O 19.Ba3 Rd8 20.Nxc6 bxc6 21.
Rac1 Bd7 22.Rc5 Nb6 23.Bc2 Be8 24.Qd3 g6 25.Rh5 Nd5 26.Rhe5 Rab8 27.Bb3 
Nf6 28.Qc3 Ng4 29.Qc5 Bd7 30.Qc1 Nxe5 31.dxe5 c5 32.Re4 Bc6 33.Rc4 Qxe5 
34.Rxc5 Qe4 35.Rxc6 Rxb3 36.Rc8 Rd3 37.h3 Qd4 38.Kh2 Rxc8 39.Qxc8+ Qd8 40.
Qc5 Qb8+ 41.g3 h5 42.h4 Qb7 43.Qf8+ Kh7 44.Be7 Qf3 0-1

[Event "XXIII Festival Conca della Presolana A"]
[Site "Bratto - Castione della Presolana ITA"]
[Date "2003.08.23"]
[Round "3"]
[White "Temi, Walter"]
[Black "Satta, Vladimiro"]
[Result "1/2-1/2"]
[WhiteElo "2064"]
[BlackElo "2242"]
[PlyCount "73"]
[EventDate "2003.08.21"]

1.e4 g6 2.d4 Bg7 3.Nf3 d6 4.c4 Nd7 5.Nc3 e5 6.Be2 Ne7 7.h4 exd4 8.Nxd4 h6 
9.Be3 Ne5 10.f4 N5c6 11.g4 Ng8 12.Qd2 Nf6 13.Rg1 h5 14.g5 Ng4 15.Nxc6 bxc6
16.Bd4 O-O 17.Bxg7 Kxg7 18.O-O-O Qe7 19.Rde1 Kg8 20.Bxg4 Bxg4 21.e5 Bf5 
22.exd6 Qxd6 23.Qxd6 cxd6 24.Ne4 Bxe4 25.Rxe4 Rfe8 26.Rd4 Re6 27.Rgd1 Rd8 
28.Kc2 Kf8 29.Kc3 Ke7 30.b4 Rb8 31.a3 Rb7 32.R1d3 Rc7 33.Kb3 Rb7 34.Kc3 
Kd7 35.Rd2 Rb8 36.R2d3 Rb7 37.Rd2 1/2-1/2

[Event "XXIII Festival Conca della Presolana A"]
[Site "Bratto - Castione della Presolana ITA"]
[Date "2003.08.23"]
[Round "3"]
[White "Vancini, Edoardo"]
[Black "Lanzani, Giuliano"]
[Result "1-0"]
[WhiteElo "2284"]
[BlackElo "2092"]
[PlyCount "61"]
[EventDate "2003.08.21"]

1.d4 Nf6 2.Nf3 d6 3.Nc3 Nbd7 4.g3 e5 5.Bg2 Be7 6.O-O O-O 7.b3 c6 8.dxe5 
Nxe5 9.Bb2 Nxf3+ 10.Bxf3 d5 11.Qd3 Bh3 12.Rfe1 Qd7 13.Rad1 Rfe8 14.e4 dxe4
15.Qe3 Qf5 16.Nxe4 Nd5 17.Qd4 Bf6 18.Nxf6+ Nxf6 19.Qc3 Bg4 20.Bxg4 Qxg4 
21.Rd4 Rxe1+ 22.Qxe1 Qg6 23.Qe7 h6 24.Qxb7 Re8 25.Qxc6 Re1+ 26.Kg2 Re2 27.
Rc4 Ne4 28.Qxg6 Rxf2+ 29.Kg1 fxg6 30.Rxe4 Rxc2 31.Bd4 1-0

[Event "XXIII Festival Conca della Presolana A"]
[Site "Bratto - Castione della Presolana ITA"]
[Date "2003.08.23"]
[Round "3"]
[White "Vigile, Matteo"]
[Black "Tirrito, Luca"]
[Result "1-0"]
[WhiteElo "2080"]
[BlackElo "2036"]
[PlyCount "79"]
[EventDate "2003.08.21"]

1.e4 e5 2.Nc3 d6 3.Bc4 Nf6 4.d3 Be7 5.f4 O-O 6.Nf3 Nbd7 7.O-O c6 8.Bb3 Nc5
9.f5 Nxb3 10.axb3 Qc7 11.Bg5 d5 12.Bxf6 Bxf6 13.g4 Qe7 14.Qe2 d4 15.Nd1 h6
16.Qf2 Bg5 17.h4 Bf6 18.Qg3 g5 19.hxg5 hxg5 20.Kg2 Bd7 21.Nf2 Bh8 22.Rh1 
f6 23.Rh2 Kf7 24.Rh7+ Bg7 25.Qh3 Rg8 26.Rf1 Ke8 27.Nh1 Qf8 28.Ng3 Rh8 29.
Rh1 Ke7 30.Rxh8 Qxh8 31.Nh5 Qh7 32.Qg3 Rh8 33.Qe1 Kd6 34.Qb4+ Kc7 35.Qe7 
Bf8 36.Qxh7 Rxh7 37.Nxf6 Rxh1 38.Kxh1 Bc8 39.Nxe5 Kd8 40.Nh7 1-0

[Event "XXIII Festival Conca della Presolana A"]
[Site "Bratto - Castione della Presolana ITA"]
[Date "2003.08.23"]
[Round "3"]
[White "Vinzoni, Andrea"]
[Black "Mascheroni, Maurizio"]
[Result "1/2-1/2"]
[WhiteElo "2100"]
[BlackElo "2068"]
[PlyCount "50"]
[EventDate "2003.08.21"]

1.d4 Nf6 2.c4 e6 3.Nc3 Bb4 4.e3 O-O 5.Bd3 d5 6.Nf3 c5 7.O-O Nc6 8.a3 Bxc3 
9.bxc3 b6 10.Ne5 Ne7 11.a4 dxc4 12.Bxc4 cxd4 13.cxd4 Bb7 14.Ba3 Rc8 15.Qb3
Bd5 16.Rac1 Bxc4 17.Rxc4 Rxc4 18.Qxc4 Re8 19.Rc1 Ned5 20.Qa6 Qa8 21.Nc6 
Rc8 22.Qxa7 Qxa7 23.Nxa7 Rxc1+ 24.Bxc1 Nc3 25.Kf1 Nxa4 1/2-1/2

[Event "XXIII Festival Conca della Presolana A"]
[Site "Bratto - Castione della Presolana ITA"]
[Date "2003.08.23"]
[Round "3"]
[White "Zanellato, Lorenzo"]
[Black "Mauro, Alan"]
[Result "1/2-1/2"]
[WhiteElo "2055"]
[BlackElo "2222"]
[PlyCount "79"]
[EventDate "2003.08.21"]

1.d4 Nf6 2.c4 g6 3.Nc3 Bg7 4.e4 d6 5.Nf3 O-O 6.Be2 e5 7.O-O exd4 8.Nxd4 
Re8 9.f3 Nc6 10.Be3 Ne5 11.Qd2 c6 12.Rfd1 a6 13.Nc2 Be6 14.Qxd6 Qxd6 15.
Rxd6 Bf8 16.Rd2 Nxc4 17.Bxc4 Bxc4 18.Rad1 b5 19.b3 Be6 20.Bg5 Kg7 21.Nd4 
Ng8 22.Nxe6+ Rxe6 23.Rd7 Be7 24.Bxe7 Rxe7 25.Kf2 a5 26.Rd8 Raa7 27.R1d6 
Rec7 28.e5 Ne7 29.g4 Nd5 30.Nxd5 cxd5 31.Rxd5 b4 32.g5 h6 33.h4 hxg5 34.
hxg5 a4 35.Rb5 Rcb7 36.Rxb7 Rxb7 37.bxa4 Ra7 38.Ke3 Rxa4 39.Rb8 Ra3+ 40.
Kf4 1/2-1/2

[Event "XXIII Festival Conca della Presolana A"]
[Site "Bratto - Castione della Presolana ITA"]
[Date "2003.08.24"]
[Round "4"]
[White "Affinito, Pancrazio"]
[Black "Bonazzi, Edoardo"]
[Result "1/2-1/2"]
[WhiteElo "2080"]
[BlackElo "2130"]
[PlyCount "76"]
[EventDate "2003.08.21"]

1.d4 Nf6 2.c4 c5 3.Nf3 cxd4 4.Nxd4 Nc6 5.Nc3 g6 6.e4 d6 7.Be2 Bg7 8.Be3 
O-O 9.Qd2 Ng4 10.Bxg4 Bxg4 11.f3 Bd7 12.O-O a6 13.Rac1 Qa5 14.Nb3 Qh5 15.
c5 Be6 16.cxd6 Rfd8 17.Nd5 Bxd5 18.Qxd5 Rxd6 19.Qxh5 gxh5 20.Rc2 Nb4 21.
Rc7 Nxa2 22.Rxb7 Bxb2 23.Bc5 Rc6 24.Rf2 Rxc5 25.Rxb2 Rb5 26.Rxb5 axb5 27.
Nd4 Nc3 28.Rb3 Rd8 29.Nxb5 Rb8 30.Rxc3 Rxb5 31.h4 Kg7 32.Kh2 Kg6 33.Rc6+ 
e6 34.Kg3 Ra5 35.Rb6 Rc5 36.Ra6 Rb5 37.Rc6 Ra5 38.Rb6 Rc5 1/2-1/2

[Event "XXIII Festival Conca della Presolana A"]
[Site "Bratto - Castione della Presolana ITA"]
[Date "2003.08.24"]
[Round "4"]
[White "Astengo, Corrado"]
[Black "Bottino, Alexiei"]
[Result "1-0"]
[WhiteElo "2170"]
[BlackElo "2071"]
[PlyCount "115"]
[EventDate "2003.08.21"]

1.e4 c5 2.Nf3 Nc6 3.d4 cxd4 4.Nxd4 Qb6 5.Nb3 Nf6 6.Nc3 e6 7.Bd3 a6 8.O-O 
Qc7 9.Qe2 b5 10.a3 Bb7 11.f4 d6 12.Bd2 Be7 13.Rae1 h5 14.h3 h4 15.f5 Ne5 
16.fxe6 fxe6 17.Nd4 Qd7 18.Nf3 Nh5 19.Nxe5 dxe5 20.Qg4 Bf6 21.Ne2 O-O-O 
22.Ba5 Rde8 23.Rd1 Ng3 24.Nxg3 hxg3 25.Qxg3 Qd4+ 26.Qf2 Qxb2 27.Qc5+ Kb8 
28.Bc3 Qa2 29.Ra1 Rc8 30.Qxc8+ Rxc8 31.Rxa2 Rxc3 32.Rf3 Kc7 33.a4 b4 34.
Rb2 a5 35.Bb5 Bxe4 36.Rxc3+ bxc3 37.Rb3 Bd5 38.Rxc3+ Kd6 39.Rc8 Bb7 40.Rb8
Kc7 41.Re8 Kd6 42.Kf2 e4 43.Ke2 e3 44.g3 Bd4 45.Rd8+ Ke5 46.Rd7 Bg2 47.h4 
g6 48.g4 Be4 49.c3 Bxc3 50.Kxe3 Bb4 51.Rf7 Bc5+ 52.Ke2 Ba3 53.Bd3 Bxd3+ 
54.Kxd3 Bc1 55.Ke2 Ba3 56.g5 Bc1 57.Rf6 Bf4 58.Kf3 1-0

[Event "XXIII Festival Conca della Presolana A"]
[Site "Bratto - Castione della Presolana ITA"]
[Date "2003.08.24"]
[Round "4"]
[White "Battaggia, Piergiorgio"]
[Black "Barletta, Antonio"]
[Result "0-1"]
[WhiteElo "2110"]
[BlackElo "2053"]
[PlyCount "46"]
[EventDate "2003.08.21"]

1.d4 Nf6 2.Nf3 e6 3.c4 c5 4.e3 d5 5.Nc3 Nc6 6.a3 Be7 7.dxc5 Bxc5 8.cxd5 
exd5 9.Bb5 O-O 10.O-O Bd6 11.h3 Bc7 12.Ne2 Qd6 13.Bxc6 bxc6 14.Ng3 Re8 15.
b4 Ne4 16.Nxe4 Rxe4 17.Bb2 Bd7 18.Kh1 Rae8 19.Qd2 R8e6 20.Qc3 Rg6 21.Qc5 
Bxh3 22.gxh3 Qe6 23.Ng1 Rh4 0-1

[Event "XXIII Festival Conca della Presolana A"]
[Site "Bratto - Castione della Presolana ITA"]
[Date "2003.08.24"]
[Round "4"]
[White "Bentivegna, Francesco"]
[Black "Isonzo, David"]
[Result "1/2-1/2"]
[WhiteElo "2165"]
[BlackElo "2347"]
[PlyCount "30"]
[EventDate "2003.08.21"]

1.e4 c6 2.Nc3 d5 3.Qf3 dxe4 4.Nxe4 Nd7 5.d4 Ndf6 6.Bd3 Nxe4 7.Qxe4 Nf6 8.
Qh4 Bf5 9.Bxf5 Qa5+ 10.c3 Qxf5 11.Nf3 e6 12.O-O Be7 13.Qg5 Qxg5 14.Bxg5 h6
15.Bxf6 Bxf6 1/2-1/2

[Event "XXIII Festival Conca della Presolana A"]
[Site "Bratto - Castione della Presolana ITA"]
[Date "2003.08.24"]
[Round "4"]
[White "Borroni, Enrico"]
[Black "Scotti, Umberto"]
[Result "1/2-1/2"]
[WhiteElo "1908"]
[BlackElo "2135"]
[PlyCount "83"]
[EventDate "2003.08.21"]

1.d4 e6 2.Nf3 d5 3.c4 c6 4.Qc2 f5 5.g3 Nf6 6.Bg2 Bd6 7.O-O O-O 8.b3 Qe7 9.
Bb2 Ne4 10.Nbd2 Nd7 11.Ne5 Qe8 12.Ndf3 Qh5 13.Rad1 Ndf6 14.Bc1 Bd7 15.Nd3 
g5 16.Nfe5 Be7 17.c5 g4 18.Nf4 Qe8 19.Nfd3 Nh5 20.f3 gxf3 21.exf3 Nef6 22.
Qe2 Rd8 23.Rfe1 Bc8 24.Bh6 Ng7 25.Bc1 Nd7 26.Nxd7 Bxd7 27.Ne5 Bc8 28.Bf4 
Bf6 29.Qd2 Qe7 30.Qf2 Rfe8 31.Nd3 b6 32.b4 Ba6 33.Ne5 Qb7 34.Bf1 Bxf1 35.
Qxf1 b5 36.Qf2 Ra8 37.Nd3 a5 38.a3 axb4 39.axb4 Ra4 40.Be5 Bxe5 41.Rxe5 
Qc8 42.Re2 1/2-1/2

[Event "XXIII Festival Conca della Presolana A"]
[Site "Bratto - Castione della Presolana ITA"]
[Date "2003.08.24"]
[Round "4"]
[White "Bresciani, Nicola"]
[Black "Del Rio Angelis, Salvador Gabriel"]
[Result "0-1"]
[WhiteElo "2285"]
[BlackElo "2479"]
[PlyCount "116"]
[EventDate "2003.08.21"]

1.e4 c5 2.Nf3 e6 3.d4 cxd4 4.Nxd4 Nf6 5.Nc3 d6 6.Be2 Nc6 7.Be3 Be7 8.O-O 
O-O 9.f4 e5 10.Nb3 a5 11.a4 Nb4 12.Kh1 Bd7 13.Bf3 Qc7 14.Rf2 Bc6 15.Rd2 b6
16.Nd5 Bxd5 17.exd5 e4 18.Be2 Qb7 19.c4 Rfe8 20.Nc1 Nd7 21.Na2 Nxa2 22.
Rxa2 Nc5 23.Ra3 Rab8 24.Bd4 Qd7 25.Rg3 g6 26.f5 Bh4 27.Rh3 Bg5 28.fxg6 
fxg6 29.Bg4 Qxa4 30.b3 Qb4 31.Rf2 Rb7 32.Bc3 Qxb3 33.Qd4 Qb1+ 34.Bd1 Re5 
35.Rb2 Qc1 36.Rc2 Rf7 37.Rxc1 Rf1+ 38.Qg1 Rxg1+ 39.Kxg1 Bxc1 40.Bxe5 dxe5 
41.d6 h6 42.Bg4 Kf7 43.Rc3 Bb2 44.Rc2 Bd4+ 45.Kf1 Nb7 46.d7 Ke7 47.Ke2 h5 
48.Bh3 g5 49.Bf5 Nc5 50.Ra2 e3 51.h3 Nxd7 52.Bxd7 Kxd7 53.Kd3 Kc6 54.Ke4 
Kc5 55.Kd3 Kb4 56.g4 hxg4 57.hxg4 Kb3 58.Rh2 a4 0-1

[Event "XXIII Festival Conca della Presolana A"]
[Site "Bratto - Castione della Presolana ITA"]
[Date "2003.08.24"]
[Round "4"]
[White "Capitelli, Paolo"]
[Black "Vigile, Matteo"]
[Result "1-0"]
[WhiteElo "2128"]
[BlackElo "2080"]
[PlyCount "91"]
[EventDate "2003.08.21"]

1.e4 e5 2.Nf3 Nc6 3.Bc4 Nf6 4.d3 Bc5 5.Nc3 d6 6.Bg5 h6 7.Bxf6 Qxf6 8.Nd5 
Qd8 9.c3 Ne7 10.Ne3 c6 11.d4 exd4 12.Nxd4 Ng6 13.Ndf5 Bxf5 14.Nxf5 Ne5 15.
Be2 g6 16.Nd4 Qf6 17.O-O O-O-O 18.b4 Bb6 19.a4 d5 20.a5 Bxd4 21.Qxd4 Kb8 
22.f4 Nd7 23.e5 Qe6 24.a6 b6 25.Bf3 f6 26.Rfe1 fxe5 27.fxe5 h5 28.b5 Nc5 
29.Rab1 cxb5 30.Rxb5 Qc6 31.Reb1 Kc7 32.c4 Ne6 33.Qb2 Nc5 34.cxd5 Rxd5 35.
Bxd5 Qxd5 36.e6 Re8 37.Qg7+ Kb8 38.Qxg6 Rxe6 39.Qg3+ Kc8 40.Kh1 Qc4 41.
Qg8+ Kc7 42.Qh7+ Kc6 43.Rxc5+ bxc5 44.Qb7+ Kd6 45.Qxa7 Qb3 46.Qb6+ 1-0

[Event "XXIII Festival Conca della Presolana A"]
[Site "Bratto - Castione della Presolana ITA"]
[Date "2003.08.24"]
[Round "4"]
[White "Capone, Vincenzo"]
[Black "Rombaldoni, Andrea"]
[Result "0-1"]
[WhiteElo "2133"]
[BlackElo "2259"]
[PlyCount "58"]
[EventDate "2003.08.21"]

1.e4 e5 2.Nf3 Nc6 3.Bb5 Bc5 4.c3 Qf6 5.O-O Nge7 6.Bxc6 Nxc6 7.d4 Be7 8.d5 
Nb8 9.Bg5 Qd6 10.Be3 Bf6 11.Na3 Qa6 12.Qb3 d6 13.Nc2 b6 14.c4 Bd7 15.Qc3 
Qb7 16.b4 c6 17.a4 O-O 18.Qd2 Be7 19.Nfe1 f5 20.f3 fxe4 21.fxe4 Rxf1+ 22.
Kxf1 Be8 23.Nd3 cxd5 24.cxd5 Nd7 25.Nf2 Rc8 26.b5 Nf6 27.Nb4 Bf8 28.Rc1 
Bg6 29.Rxc8 Qxc8 0-1

[Event "XXIII Festival Conca della Presolana A"]
[Site "Bratto - Castione della Presolana ITA"]
[Date "2003.08.24"]
[Round "4"]
[White "Caruso, Augusto"]
[Black "Sedina, Elena"]
[Result "0-1"]
[WhiteElo "2247"]
[BlackElo "2390"]
[PlyCount "86"]
[EventDate "2003.08.21"]

1.e4 e6 2.b3 d5 3.Bb2 c5 4.Qe2 d4 5.f4 Nc6 6.Nf3 g6 7.g3 Bg7 8.d3 Nge7 9.
Bg2 O-O 10.O-O Rb8 11.a3 b5 12.Nbd2 Bd7 13.Kh1 a5 14.Qf2 a4 15.Rfb1 axb3 
16.cxb3 e5 17.fxe5 Nxe5 18.Nxe5 Bxe5 19.Nf3 Bg7 20.Rc1 Rc8 21.b4 cxb4 22.
axb4 Nc6 23.Qe1 Re8 24.Rc5 Qb6 25.Rac1 Ra8 26.e5 Rad8 27.Bxd4 Nxd4 28.Nxd4
Bxe5 29.Nc6 Bb2 30.Qf1 Bxc1 31.Nxd8 Rxd8 32.Qxc1 Bf5 33.Rd5 Rxd5 34.Bxd5 
Qd4 35.Qc6 Kg7 36.Be4 Bh3 37.Qc1 Qxb4 38.Qa1+ Kg8 39.d4 Qe7 40.Bf3 b4 41.
Bg2 Bxg2+ 42.Kxg2 Qe2+ 43.Kh3 b3 0-1

[Event "XXIII Festival Conca della Presolana A"]
[Site "Bratto - Castione della Presolana ITA"]
[Date "2003.08.24"]
[Round "4"]
[White "Castelfranchi, Carlo"]
[Black "Temi, Walter"]
[Result "0-1"]
[WhiteElo "2165"]
[BlackElo "2064"]
[PlyCount "56"]
[EventDate "2003.08.21"]

1.d4 Nf6 2.c4 g6 3.Nc3 d5 4.cxd5 Nxd5 5.e4 Nxc3 6.bxc3 Bg7 7.Bc4 O-O 8.Ne2
Nc6 9.O-O b6 10.Be3 Na5 11.Bd3 Bb7 12.Rc1 c5 13.Qd2 Qd7 14.d5 c4 15.Bc2 e6
16.d6 Rfd8 17.Rcd1 Bc6 18.Bg5 f6 19.Bh6 Nb7 20.Bxg7 Qxg7 21.Qd4 Nxd6 22.
Qxd6 Rxd6 23.Rxd6 Qc7 24.Rfd1 Bd5 25.R6xd5 exd5 26.exd5 Qe5 27.Rd2 Rd8 28.
Kf1 Rxd5 0-1

[Event "XXIII Festival Conca della Presolana A"]
[Site "Bratto - Castione della Presolana ITA"]
[Date "2003.08.24"]
[Round "4"]
[White "Cazzaniga, Walter"]
[Black "Scacco, Mauro"]
[Result "1-0"]
[WhiteElo "2130"]
[BlackElo "2090"]
[PlyCount "87"]
[EventDate "2003.08.21"]

1.d4 Nf6 2.c4 d6 3.Nf3 Nbd7 4.Nc3 g6 5.e4 e5 6.Be2 Bg7 7.O-O O-O 8.Be3 c6 
9.Qc2 Re8 10.Rfd1 Ng4 11.Bg5 Qa5 12.d5 c5 13.Ne1 Bh6 14.h4 f6 15.Bxg4 fxg5
16.Qd2 Nb6 17.Bxc8 Raxc8 18.hxg5 Bf8 19.b3 Be7 20.Nf3 a6 21.Ne2 Qxd2 22.
Rxd2 Na8 23.Nc3 Rf8 24.a4 Rf4 25.Kh2 Rb8 26.Rd3 Nc7 27.Re3 Ne8 28.Ne2 Rf7 
29.Neg1 Ng7 30.g3 Bd8 31.Kg2 Ne8 32.Nh3 Nc7 33.Nh2 Kg7 34.Ng4 b5 35.f4 
bxc4 36.bxc4 Ne8 37.Ree1 Ba5 38.fxe5 dxe5 39.Nxe5 Rf8 40.Nf4 Bd2 41.Ne6+ 
Kg8 42.Re2 Bc3 43.Ng4 Bg7 44.e5 1-0

[Event "XXIII Festival Conca della Presolana A"]
[Site "Bratto - Castione della Presolana ITA"]
[Date "2003.08.24"]
[Round "4"]
[White "Cebalo, Miso"]
[Black "Lanzani, Mario"]
[Result "1-0"]
[WhiteElo "2510"]
[BlackElo "2355"]
[PlyCount "79"]
[EventDate "2003.08.21"]

1.d4 Nf6 2.c4 e6 3.Nc3 d5 4.cxd5 Nxd5 5.e4 Nxc3 6.bxc3 c5 7.Nf3 cxd4 8.
cxd4 Bb4+ 9.Bd2 Bxd2+ 10.Qxd2 O-O 11.Bc4 Nc6 12.O-O b6 13.Rfe1 Bb7 14.Rad1
Qd6 15.d5 exd5 16.Bxd5 Qc7 17.e5 Na5 18.e6 Bxd5 19.Qxd5 fxe6 20.Rxe6 Qc5 
21.Qxc5 bxc5 22.Ra6 Nc4 23.Rc1 Rfd8 24.h4 Nd2 25.Nxd2 Rxd2 26.Rxc5 Rd7 27.
f3 Re8 28.a4 h6 29.h5 Kh7 30.a5 Re2 31.Rg6 Red2 32.Kh2 R7d5 33.Rgc6 R5d4 
34.Rf5 Rd5 35.Rc5 Rd7 36.Kh3 Ra2 37.Rf8 g6 38.Rf6 gxh5 39.Rxh5 Kg7 40.
Rfxh6 1-0

[Event "XXIII Festival Conca della Presolana A"]
[Site "Bratto - Castione della Presolana ITA"]
[Date "2003.08.24"]
[Round "4"]
[White "Contin, Daniel"]
[Black "Marzano, Carlo"]
[Result "1-0"]
[WhiteElo "2356"]
[BlackElo "2225"]
[PlyCount "69"]
[EventDate "2003.08.21"]

1.c4 Nc6 2.Nc3 e5 3.g3 d6 4.Bg2 Be6 5.d3 Qd7 6.Rb1 g6 7.b4 Bg7 8.b5 Nd8 9.
e4 Ne7 10.Nd5 O-O 11.h3 f5 12.Bg5 Nc8 13.Qd2 c6 14.exf5 gxf5 15.bxc6 bxc6 
16.Nb4 Rb8 17.Rc1 a5 18.Bxd8 axb4 19.Bg5 d5 20.Ne2 Nd6 21.cxd5 cxd5 22.Bh6
Rf7 23.Bxg7 Rxg7 24.Rc5 f4 25.Qb2 fxg3 26.Qxe5 gxf2+ 27.Kf1 Rxg2 28.Kxg2 
Bxh3+ 29.Kxf2 Rf8+ 30.Ke1 Bg4 31.Rg1 Re8 32.Qg5+ Kh8 33.Rxg4 Nf5 34.Qf6+ 
Ng7 35.Rxg7 1-0